000 00734nam a2200265 i 4500
001 C2-0293643
003 PPAK
005 20180728025446.0
008 090202s2008 xxca|||| ||||| | eng d
020 _a9780778733140
040 _aPPAK
_beng
_cPPAK
_erda
082 0 4 _a612.88
_223
090 0 0 _a612.88
_bKAL
_dRK
100 1 _aKalman, Bobbie,
_eauthor
245 1 0 _aHow does it feel?
264 1 _aCanada :
_bCrabtree Publishing ,
_c2008
300 _a24 pages :
_bcolour illustrations ;
_c24 cm
336 _2rdacontent
_atext
337 _2rdamedia
_aunmediated
338 _2rdacarrier
_avolume
490 1 _aLooking at nature
650 1 0 _aTouch - Juvenile literature.
830 0 _aLooking at nature
942 _ddc
_cB
999 _c98330
_d98330